000
00270nam a22001217a 4500
082
_a
823
_b
FIS/M
100
_a
FISCHEL, EMMA
245
_a
THE MIDNIGHT GHOST
246
_a
THE MIDNIGHT GHOST
_b
THE MIDNIGHT GHOST
300
_a
64
650
_a
ENGLISH FICTION
942
_c
BK
999
_c
8725
_d
8725